Normal view
MARC view
- Saima Shaheen
Entry Personal Name
001 - CONTROL NUMBER
- control field: 70351
003 - CONTROL NUMBER IDENTIFIER
- control field: NUST
005 - DATE AND TIME OF LATEST TRANSACTION
- control field: 20210628204434.0
008 - FIXED-LENGTH DATA ELEMENTS
- fixed length control field: 210628|| aca||aabn | a|a d
040 ## - CATALOGING SOURCE
- Original cataloging agency: NUST
- Transcribing agency: NUST
100 ## - HEADING--PERSONAL NAME
- Personal name: Saima Shaheen
670 ## - SOURCE DATA FOUND
- Source citation: Work cat.: (NUST): Saima Shaheen , TH-SOF-1156-Error Tolerant Video Streaming in IEEE, 2015
